Network Security (Record no. 23323)
[ view plain ]
| 000 -LEADER | |
|---|---|
| fixed length control field | 00317nam a22000977a 4500 |
| 003 - CONTROL NUMBER IDENTIFIER | |
| control field | NUST |
| 005 - DATE AND TIME OF LATEST TRANSACTION | |
| control field | 20171011163228.0 |
| 008 - FIXED-LENGTH DATA ELEMENTS--GENERAL INFORMATION | |
| fixed length control field | 130409b xxu||||| |||| 00| 0 eng d |
| 020 ## - INTERNATIONAL STANDARD BOOK NUMBER | |
| Terms of availability | Avalable |
| International Standard Book Number | 8178087901 |
| 040 ## - CATALOGING SOURCE | |
| Original cataloging agency | DLC |
| Language of cataloging | DLC |
| Transcribing agency | RCMS |
| 082 ## - DEWEY DECIMAL CLASSIFICATION NUMBER | |
| Classification number | 005.8KAU |
| Author Mark | 000019 |
| Edition number | 2nd ,ed. |
| 100 ## - MAIN ENTRY--PERSONAL NAME | |
| Personal name | Kaufman Chalie |
| 9 (RLIN) | 5348 |
| 245 ## - TITLE STATEMENT | |
| Title | Network Security |
| Statement of responsibility, etc. | Kaufman |
| Remainder of title | Private Communication in a Public World |
| 260 ## - PUBLICATION, DISTRIBUTION, ETC. | |
| Place of publication, distribution, etc. | India |
| Name of publisher, distributor, etc. | Prentice-Hall |
| Date of publication, distribution, etc. | C,2002 |
| 300 ## - PHYSICAL DESCRIPTION | |
| Extent | xxvi,713,p: |
| Other physical details | Pb: |
| Dimensions | 22,cm. |
| 538 ## - SYSTEM DETAILS NOTE | |
| Display text | Shelf No 2 Row No 1 |
| 600 ## - SUBJECT ADDED ENTRY--PERSONAL NAME | |
| General subdivision | Network Security |
| 9 (RLIN) | 5349 |
| 856 ## - ELECTRONIC LOCATION AND ACCESS | |
| Materials specified | Table of Content Only |
| 942 ## - ADDED ENTRY ELEMENTS (KOHA) | |
| Source of classification or shelving scheme | |
| Koha item type | Book |
| Withdrawn status | Lost status | Source of classification or shelving scheme | Damaged status | Not for loan | Permanent Location | Current Location | Shelving location | Date acquired | Full call number | Barcode | Date last seen | Price effective from | Koha item type |
|---|---|---|---|---|---|---|---|---|---|---|---|---|---|
| NUST Baluchistan Campus (NBC) | NUST Baluchistan Campus (NBC) | General Stacks | 04/09/2013 | 005.8KAU | RCMS000019 | 04/09/2013 | 04/09/2013 | Book |
